000 00679nam a2200289Ia 4500
005 20260324141856.0
008 008 260324s9999 xx 000 0 eng d
020 _a9781315002026
037 _aEBOOK
040 _aCRL
040 _beng
040 _cCRL
041 _2eng
041 _aeng
084 _qCRL
100 _aDina Copelman
_91209846
245 0 _aLondon's Women Teachers
245 0 _bGender, Class and Feminism, 1870-1930
260 _bTaylor and Francis
260 _c1996
365 _a
365 _b230
856 _uhttp://www.taylorfrancis.com/books/9781315002026
942 _cEBOOK
999 _c1813393
_d1813393